[Event "Mecklenburg VP-ch U18"]
[Site "Greifswald"]
[Date "2003.02.14"]
[Round "4"]
[White "Glebow, Roman"]
[Black "Neugebauer, Tom"]
[Result "1/2-1/2"]
[WhiteElo "1504"]
[BlackElo "1231"]
[PlyCount "28"]
[EventDate "2003.02.??"]
[EventType "swiss"]
[EventRounds "7"]
[EventCountry "GER"]
[SourceTitle "EXT 2005"]
[Source "ChessBase"]
[SourceDate "2004.11.15"]
[SourceVersion "1"]
[SourceVersionDate "2004.11.15"]
[SourceQuality "1"]

1. e4 e5 2. Nf3 Nc6 3. Bc4 Bc5 4. c3 Nf6 5. d4 exd4 6. cxd4 Bb4+ 7. Nc3 d5 8. exd5 Nxd5 9. Bd2 Nxc3 10. Bxc3 Bxc3+ 11. bxc3 0-0 12. 0-0 Bg4 13. Rb1 Rb8 14. Qd3 Na5 1/2-1/2

[Event "Mecklenburg VP-ch U18"]
[Site "Greifswald"]
[Date "2003.02.13"]
[Round "1"]
[White "Neugebauer, Tom"]
[Black "Ledovski, Alexander"]
[Result "0-1"]
[WhiteElo "1231"]
[BlackElo "1709"]
[PlyCount "86"]
[EventDate "2003.02.??"]
[EventType "swiss"]
[EventRounds "7"]
[EventCountry "GER"]
[SourceTitle "EXT 2005"]
[Source "ChessBase"]
[SourceDate "2004.11.15"]
[SourceVersion "1"]
[SourceVersionDate "2004.11.15"]
[SourceQuality "1"]

1. e4 c5 2. Nf3 d6 3. d4 cxd4 4. Nxd4 Nf6 5. Nc3 a6 6. Bg5 e5 7. Nb3 Be7 8. Qd2 h6 9. Be3 0-0 10. 0-0-0 b5 11. f3 Qc7 12. g4 Nbd7 13. g5 hxg5 14. Bxg5 b4 15. Nd5 Nxd5 16. Bxe7 Nxe7 17. Qxd6 Qxd6 18. Rxd6 Ng6 19. Bc4 Nf4 20. Rg1 a5 21. Kb1 a4 22. Nc1 Nc5 23. Rc6 Nce6 24. Bxe6 Bxe6 25. Rd1 Rfd8 26. Rcd6 Rxd6 27. Rxd6 Rb8 28. Nd3 Nxd3 29. Rxd3 b3 30. cxb3 axb3 31. a3 Rc8 32. Rc3 Rxc3 33. bxc3 Bc4 34. Kb2 Be2 35. Kxb3 Bxf3 36. c4 Kf8 37. a4 Ke8 38. c5 Kd7 39. Kc4 Bxe4 40. a5 Bc6 41. a6 Kc7 42. Kd3 Kb8 43. Ke3 Ka7 0-1

[Event "DSSM WK2"]
[Site "Husum"]
[Date "2002.05.13"]
[Round "7.3"]
[White "Neugebauer, Tom"]
[Black "Habl, Daniel"]
[Result "0-1"]
[WhiteElo "1192"]
[BlackElo "1494"]
[PlyCount "62"]
[EventDate "2002.05.10"]
[EventType "team"]
[EventRounds "7"]
[EventCountry "GER"]
[SourceTitle "CBM 088 Extra"]
[Source "ChessBase"]
[SourceDate "2002.07.01"]
[SourceVersion "2"]
[SourceVersionDate "2002.07.01"]
[SourceQuality "1"]

1. e4 c6 2. d4 d5 3. exd5 cxd5 4. Nf3 Nc6 5. Be2 Bf5 6. 0-0 Nf6 7. Nc3 e6 8. Bg5 Be7 9. Qd2 0-0 10. Rfe1 Rc8 11. Bd3 Bxd3 12. Qxd3 Nb4 13. Qd2 Qb6 14. a3 Nc6 15. Rab1 Rc7 16. Bxf6 Bxf6 17. Ne2 Rfc8 18. c3 Na5 19. Qc2 Qb3 20. Qxb3 Nxb3 21. Nc1 Nxc1 22. Rbxc1 b5 23. Rc2 a5 24. Rec1 Be7 25. Ne1 Bg5 26. Rd1 b4 27. Rd3 bxc3 28. bxc3 a4 29. Nf3 Be7 30. Kf1 Bxa3 31. Ke2 Bb4 0-1

[Event "DSSM WK2"]
[Site "Husum"]
[Date "2002.05.10"]
[Round "1.3"]
[White "Neugebauer, Tom"]
[Black "Bruechert, Matthias"]
[Result "1-0"]
[WhiteElo "1192"]
[BlackElo "1554"]
[PlyCount "59"]
[EventDate "2002.05.10"]
[EventType "team"]
[EventRounds "7"]
[EventCountry "GER"]
[SourceTitle "CBM 088 Extra"]
[Source "ChessBase"]
[SourceDate "2002.07.01"]
[SourceVersion "2"]
[SourceVersionDate "2002.07.01"]
[SourceQuality "1"]

1. e4 e5 2. Nf3 Nc6 3. Bb5 d6 4. Bxc6+ bxc6 5. 0-0 Nf6 6. d3 h6 7. h3 Be7 8. Nc3 0-0 9. Be3 Bb7 10. Ne2 c5 11. Ng3 Re8 12. Qd2 Bf8 13. c4 a5 14. Nf5 Re6 15. Nh2 Bc8 16. f4 exf4 17. Rxf4 Re8 18. Raf1 Bxf5 19. Rxf5 Re6 20. R5f3 g6 21. Rg3 Kh7 22. Rf2 Qe7 23. Ng4 Nh5 24. Rgf3 f6 25. Bxh6 g5 26. Bxg5 Kg6 27. Be3 Bg7 28. Nh2 Bh8 29. g4 Ng7 30. Qc3 1-0